Fr. Conceicao Rodrigues College of Engineering

ELECTRICAL &ELECTRONICS MEASUREMENT & INSTRUMENTS (Record no. 24762)

MARC details
000 -LEADER
fixed length control field 00314nam a2200133Ia 4500
082 ## - DEWEY DECIMAL CLASSIFICATION NUMBER
Classification number 621.381043/SAW
100 ## - MAIN ENTRY--PERSONAL NAME
Personal name Sawhney/A.K.
245 ## - TITLE STATEMENT
Title ELECTRICAL &ELECTRONICS MEASUREMENT & INSTRUMENTS
260 ## - PUBLICATION, DISTRIBUTION, ETC.
Name of publisher, distributor, etc. Dhanpat Rai
Place of publication, distribution, etc. New Delhi.
300 ## - PHYSICAL DESCRIPTION
Extent 1542
546 ## - LANGUAGE NOTE
Language note ENGLISH
650 ## - SUBJECT ADDED ENTRY--TOPICAL TERM
Topical term or geographic name entry element ELECTRONICS
942 ## - ADDED ENTRY ELEMENTS (KOHA)
Koha item type BOOK
Holdings
Withdrawn status Lost status Damaged status Not for loan Collection Home library Current library Date acquired Total Checkouts Full call number Barcode Date last seen Price effective from Koha item type
        AFT Fr. Agnel's C.Rodrigues College of Engineering Fr. Agnel's C.Rodrigues College of Engineering 17/03/2023   621.381043/SAW AFT8040 17/03/2023   BOOK